01125cam a22002537a 4500003000400000005001700004008004100021017004400062020001800106040001400124100001800138245019900156260004100355300002000396500003500416504003700451650004400488650006300532651010000595830002200695942001300717999001500730952012600745OSt20150916141150.0150429s2015 spc 001 0 spa d aDL Gi 308-2015bBiblioteca de Catalunya a9788494319686 bcatcCDMR1 aArasa, Daniel13aLa Batalla de las ondas en la Guerra Civil Españolab: protagonistas de la guerra psicológica en la radio : día a día de la información-propaganda en la Batalla del Ebro cDaniel Arasa aMaçanet de la Selva bGregalc2015 a327 p. ;c23 cm aA la portada: Proyecto Argán aBibliografia p. 299-308. Índex04aRàdiozEspanyaxHistòriay1936-1939 7aEbre, Batalla de l', 1938xCobertura periodística2lemac 7aEspanyaxHistòriay1936-1939, Guerra CivilxMitjans de comunicació de massa i guerra2lemac 0aHistoria (Gregal) cMON2udc c6886d6886 00104070aCDMRbCDMRd2015-09-16eIntercanvig19.50l1m1oEs 23pCDMR15090001r2015-10-27s2015-09-16w2015-09-16yMON